000 01423cam a22003737a 4500
003 CHAP
005 20220817043955.0
008 041129d2004 mx a r 00110 spa d
010 _a89108
011 _a90080
035 _a100636
040 _cCHAP
090 _aTesis
100 0 0 _aMendoza Tamayo, Raúl.
_974751
245 1 0 _aDesarrollo de un modelo de sistemas de información geográfica y modelación hidrológica de la cuenca del Río Laja, Guanajuato
_c/por Raúl Mendoza Tamayo
260 _aChapingo, Méx. :
_bEl autor,
_c2004.
300 _a187 h. :
_bilus. ; mapas ; cuadros ; gráfs.
502 _aTesis (Ing. Agr. Esp. en Irrigación) - - UACH. Departamento de Irrigación
590 _aALEPH
_b10
_c20130110
_lUCH01
_h1501
590 _aBATCH-UPD
_b10
_c20130110
_lUCH01
_h0452
590 _aBATCH-UPD
_b10
_c20130410
_lUCH01
_h0129
590 _aBATCH-UPD
_b10
_c20130410
_lUCH01
_h1607
590 _aBATCH-UPD
_b10
_c20130914
_lUCH01
_h1111
590 _aCONVERSION
_b10
_c20130109
_lUCH01
_h1349
650 1 4 _aCuenca del Río Laja, Gto.
_930047
650 1 4 _aCuencas
_xPolítica y programas.
_930087
650 1 4 _aHidrología
_xServicios de información.
_955270
650 1 4 _aSistemas de Información Geográfica.
901 _aBK
905 _aLilia
942 _cFOLL
949 _aTesis
_bBC
_cTES
_d100636
_eTS1
_h42859
_i100636
_sb
949 _aTesis
_bBC
_cTES
_d33724000931101
_eTS2
_fc.2
_h42860
_i100636
_si
999 _c89108
_d89108